Cities with the same name - Statistics

General Stats
  • This quiz has been taken 113 times
  • The average score is 14 of 40
Answer Stats
Answer Country/State Inhabitants % Correct
St. Petersburg Russia USA (Florida) 4990602 260999
78%
Birmingham United Kingdom USA (Alabama) 1085810 212157
67%
Hyderabad India Pakistan 6993262 1166894
65%
San Juan Argentina USA (Puerto Rico) Philippines 520430 355074 122180
65%
Alexandria Egypt USA (Virginia) 4358439 155810
64%
Kingston Jamaica Canada 592291 131746
60%
Springfield USA (Missouri) USA (Massachusetts) USA (Illiniois) 167319 154074 115715
59%
Valencia Venezuela Spain 888109 789364
59%
Colombo Sri Lanka Brazil 647100 234941
57%
Córdoba Argentina Mexico Spain 1525490 336269 328373
54%
Kansas City USA (Missouri) USA (Kansas) 481420 151709
54%
Vancouver Canada USA (Washington) 669045 174826
52%
Manchester United Kingdom USA (New Hampshire) 510746 110506
51%
Columbus USA (Ohio) USA (Georgia) 860090 197485
50%
Odessa Ukraine USA (Texas) 997189 117871
50%
La Paz Bolivia Mexico 835361 249727
49%
Richmond USA (Virginia) Canada USA (California) 223170 209738 109813
44%
Brest Belarus France 337893 141303
40%
San Francisco USA (California) Venezuela 870887 106763
35%
Hamilton Canada New Zealand 561022 161200
34%
Salem India USA (Oregon) 829267 167419
34%
Toledo USA (Ohio) Brazil 278508 133824
34%
Aurora USA (Colorado) USA (Illinois) 361710 201110
33%
Columbia USA (South Carolina) USA (Missouri) 134309 120612
31%
Cartagena Colombia Spain 1013389 217046
30%
Rochester USA (New York) USA (Minnesota) 208880 114011
28%
Glendale USA (Arizona) USA (California) 245895 200831
21%
Cambridge Canada USA (Massachusetts) 136839 110651
19%
Saint-Denis France (Réunion) France 145022 106785
19%
Santa Ana USA (California) El Salvador 334217 270959
17%
Pasadena USA (Texas) USA (California) 153351 142059
16%
Peoria USA (Arizona) USA (Illinois) 164173 114265
16%
Santa Rosa USA (California) Argentina 175155 127055
11%
Santa Clara Cuba USA (California) 216056 125948
10%
Kochi India Japan 633553 337190
9%
Santa Maria Brazil USA (California) 277309 106290
8%
San Cristóbal Venezuela Dominican Republic 282830 278767
5%
Aurangabad India (Maharashtra) India (Bihar) 1175116 102244
3%
Cartago Costa Rica Colombia 159142 132959
3%
Lalitpur Nepal India 226728 133305
1%
No matching quizzes found
Score Distribution
Percent of People with Each Score
Percentile by Number Answered
Your Score History
You have not taken this quiz